000 01295nam a2200397 a 4500
003 AR-BaBNM
005 20251128203043.0
008 082120s2002 ||||||||||||||000 | spa||
040 _cAR-BaBNM
100 1 _aNovaes, María Helena
245 0 0 _aPsicología en la actividad escolar
250 _a1ª ed.
260 _aBuenos Aires
_bKapelusz
_c1973
300 _a336 p.
_bdiagr., il., tablas
490 0 _aBiblioteca de cultura pedagógica
500 _aContiene en apéndice ejemplos de tests de niños de varias edades de nivel intelectual normal y debajo del normal
500 _aContiene material ilustrativo del test de organización perceptomotriz
504 _aContiene bibliografía al final de cada capítulo
600 1 4 _aPiaget, Jean
650 4 _aPSICOLOGIA DE LA EDUCACION
650 4 _aPSICOLOGIA EVOLUTIVA
650 4 _aPRUEBAS PSICOLOGICAS
650 4 _aPRUEBAS DE INTELIGENCIA
650 4 _aDINAMICA DE GRUPO
650 4 _aADOLESCENCIA
650 4 _aDISLEXIA
650 4 _aDISLEXIA
650 4 _aDESARROLLO DE LA CREATIVIDAD
650 4 _aSERVICIOS DE ORIENTACION
651 4 _aBrasil
653 _aORIENTACION EDUCATIVA
653 _aGABINETES PSICOPEDAGOGICOS
700 1 _aNervi, Juan Ricardo
_etraductor
942 _cBK
998 _cSILVI
999 _c1678
_d1678